| 000 | 00417 a2200145 4500 | ||
|---|---|---|---|
| 005 | 20250624092130.0 | ||
| 020 | _a978-1-3986-1264-8 | ||
| 082 | _a658.5 RUD | ||
| 100 | _aRUDD, J | ||
| 245 | _aA Practical Guide to Logistics: An Introduction to Transport, Warehouse and Distribution | ||
| 250 | _a2nd Ed. | ||
| 260 |
_aLondon _bKonganPage _c2024 |
||
| 300 |
_axvii,397p.: ill.; pictures _bIndex _c24cm |
||
| 942 |
_2ddc _cBKS |
||
| 999 |
_c4788 _d4788 |
||